000 00317nam a2200133 a 4500
005 20140414132117.0
008 111117s19uu xx 00 eng d
050 _aREF 641.5
_bC77 2006
100 _aMacKintosh, Ann
245 _aCooking for tots and toddlers.
650 _a
650 _aRecipe
999 _c114962
_d114962